[Event "Vellmarer Schachtage 5th op  A"]
[Site "Vellmar"]
[Date "2013.07.27"]
[Round "5.12"]
[White "Balje, Jan"]
[Black "Engel, Luis"]
[Result "1-0"]
[WhiteElo "2189"]
[BlackElo "1765"]
[PlyCount "53"]
[EventDate "2013.07.25"]
[EventType "swiss"]
[EventRounds "7"]
[EventCountry "GER"]

{DWZ ---- DWZ 1791} 1. d4 Nf6 2. c4 g6 3. Nf3 Bg7 4. g3 O-O 5. Bg2 d5 6. cxd5
Nxd5 7. O-O Nc6 8. Nc3 Nb6 9. d5 Na5 10. Qc2 Nxd5 11. Rd1 c6 12. Ne1 Bxc3 13.
bxc3 Qe8 14. c4 Nf6 15. Bh6 Be6 16. c5 Nc4 17. Qc3 Qb8 18. Bxf8 Kxf8 19. Nf3
Kg8 20. Ng5 Qe5 21. Qxe5 Nxe5 22. Nxe6 fxe6 23. Rab1 Rb8 24. f4 Ned7 25. Bxc6
Nxc5 26. Rdc1 Rd8 27. Bxb7 1-0

[Event "Vellmarer Schachtage 5th op  A"]
[Site "Vellmar"]
[Date "2013.07.27"]
[Round "5.13"]
[White "Neumark, Thomas"]
[Black "Krausse, Eckhard"]
[Result "1-0"]
[WhiteElo "2259"]
[BlackElo "1999"]
[PlyCount "77"]
[EventDate "2013.07.25"]
[EventType "swiss"]
[EventRounds "7"]
[EventCountry "GER"]

{DWZ DWZ 1942} 1. e4 c5 2. Nf3 d6 3. Bb5+ Bd7 4. Bxd7+ Qxd7 5. O-O Nc6 6. c3
Nf6 7. Re1 e5 8. d4 Be7 9. d5 Nd8 10. a4 O-O 11. Nh4 g6 12. Nf3 Nh5 13. Bh6 Re8
14. Nbd2 f6 15. Nc4 Nf7 16. Bc1 Rf8 17. a5 Ng5 18. Nxg5 fxg5 19. h3 Nf4 20.
Bxf4 Rxf4 21. f3 h5 22. Ne3 Raf8 23. Qe2 g4 24. hxg4 Bh4 25. gxh5 Qe7 26. Nf1
Qg5 27. Qe3 Bxe1 28. Rxe1 gxh5 29. Nh2 R8f6 30. Kh1 Qg3 31. Nf1 Qg7 32. Qf2 Qg5
33. Nh2 Qg7 34. g3 Rxf3 35. Nxf3 Qg4 36. Kg2 h4 37. Rh1 Qxe4 38. Rxh4 Qxd5 39.
Qe3 1-0

[Event "Vellmarer Schachtage 5th op  A"]
[Site "Vellmar"]
[Date "2013.07.27"]
[Round "5.14"]
[White "Lammers, Frank"]
[Black "Rafiee, Makan"]
[Result "0-1"]
[WhiteElo "1998"]
[BlackElo "2151"]
[PlyCount "70"]
[EventDate "2013.07.25"]
[EventType "swiss"]
[EventRounds "7"]
[EventCountry "GER"]

{DWZ 1917 DWZ 2132} 1. d4 Nf6 2. Bg5 Ne4 3. Bf4 e6 4. e3 Bd6 5. Bxd6 Nxd6 6.
Nf3 O-O 7. Bd3 f5 8. c4 a6 9. Nc3 Nc6 10. a3 Rb8 11. c5 Nf7 12. b4 d6 13. Qc2
dxc5 14. dxc5 b5 15. Rd1 Qf6 16. O-O Bb7 17. Rfe1 Qg6 18. e4 Nce5 19. Nxe5 Nxe5
20. Kh1 f4 21. f3 Qh5 22. Qf2 Rf6 23. h3 Bc6 24. Be2 Rg6 25. Na2 Rf8 26. Nc3
Rg3 27. Kh2 Rf6 28. Bf1 Rh6 29. Re3 Rhg6 30. Ne2 Rxh3+ 31. gxh3 fxe3 32. Qxe3
Qxf3 33. Qf4 Qxf4+ 34. Nxf4 Nf3+ 35. Kh1 Rg1# 0-1

[Event "Vellmarer Schachtage 5th op  A"]
[Site "Vellmar"]
[Date "2013.07.27"]
[Round "5.15"]
[White "Ziegenfuss, Holger"]
[Black "Klauke, Stefan"]
[Result "1-0"]
[WhiteElo "1959"]
[BlackElo "2125"]
[PlyCount "65"]
[EventDate "2013.07.25"]
[EventType "swiss"]
[EventRounds "7"]
[EventCountry "GER"]

{DWZ 1865 DWZ 2081} 1. e4 c5 2. Nc3 e6 3. f4 Nf6 4. Nf3 Nc6 5. Bb5 Be7 6. Bxc6
bxc6 7. d3 O-O 8. b3 d5 9. e5 Nd7 10. Qe2 f6 11. O-O fxe5 12. fxe5 Qc7 13. Ba3
Ba6 14. Na4 Bb5 15. Nc3 Rae8 16. Nb1 Rf5 17. c4 Ba6 18. Bb2 d4 19. g4 Rf4 20.
h3 g6 21. Bc1 Rf7 22. Bh6 Bf8 23. Bxf8 Rexf8 24. Nbd2 Qb8 25. Rae1 Rf4 26. Kg2
h6 27. Kg3 g5 28. Rh1 Kg7 29. h4 Qe8 30. hxg5 hxg5 31. Rh5 Qg6 32. Reh1 Kg8 33.
Nxg5 1-0

[Event "Vellmarer Schachtage 5th op  A"]
[Site "Vellmar"]
[Date "2013.07.27"]
[Round "5.16"]
[White "Hilgert, Viktor"]
[Black "Eriksson, Magnus"]
[Result "0-1"]
[WhiteElo "1951"]
[BlackElo "2060"]
[PlyCount "66"]
[EventDate "2013.07.25"]
[EventType "swiss"]
[EventRounds "7"]
[EventCountry "GER"]

{DWZ 2088 DWZ ----} 1. d4 Nf6 2. c4 Nc6 3. Nc3 e5 4. d5 Ne7 5. e4 Ng6 6. Bd3
Bc5 7. Be3 Bxe3 8. fxe3 d6 9. Qd2 O-O 10. Nf3 Qe7 11. O-O-O c6 12. Kb1 cxd5 13.
cxd5 Bd7 14. Rc1 b5 15. Ne2 Qd8 16. Ng3 Qb6 17. h3 Ne7 18. Rc2 b4 19. Rhc1 a5
20. b3 a4 21. Bc4 g6 22. Qd3 Rfb8 23. Nd2 Be8 24. Nf3 Nd7 25. Rb2 Nc5 26. Qe2
Bd7 27. Nd2 Nc8 28. Rf1 axb3 29. Nxb3 Na4 30. Rc2 Nc3+ 31. Rxc3 bxc3 32. Rc1
Qb4 33. Rc2 Nb6 0-1

[Event "Vellmarer Schachtage 5th op  A"]
[Site "Vellmar"]
[Date "2013.07.27"]
[Round "5.17"]
[White "Sieber, Fiona"]
[Black "Wesslen, Ulf"]
[Result "1-0"]
[WhiteElo "1868"]
[BlackElo "2050"]
[PlyCount "59"]
[EventDate "2013.07.25"]
[EventType "swiss"]
[EventRounds "7"]
[EventCountry "GER"]

{DWZ 1890 DWZ ----} 1. e4 e6 2. d4 d5 3. Nc3 Bb4 4. e5 b6 5. a3 Bf8 6. f4 Nc6
7. Nf3 Bb7 8. Bd3 Qd7 9. O-O O-O-O 10. Ne2 f6 11. f5 exf5 12. Ng5 Qe7 13. Ne6
Re8 14. Bxf5 g6 15. exf6 Nxf6 16. Bh3 Nd7 17. Bg5 Qd6 18. Bf4 Qe7 19. Nc3 Na5
20. Bg5 Qxe6 21. Bxe6 Rxe6 22. Qg4 Re8 23. Rf7 Bc6 24. Nxd5 Bd6 25. Nf6 h5 26.
Qh3 Rd8 27. d5 Bb5 28. a4 Be2 29. Rxd7 Bg4 30. Rxd8+ 1-0

[Event "Vellmarer Schachtage 5th op  A"]
[Site "Vellmar"]
[Date "2013.07.27"]
[Round "5.18"]
[White "Kollars, Dmitrij"]
[Black "Flick, Antoine"]
[Result "1-0"]
[WhiteElo "2026"]
[BlackElo "1909"]
[PlyCount "178"]
[EventDate "2013.07.25"]
[EventType "swiss"]
[EventRounds "7"]
[EventCountry "GER"]

{DWZ 2043 DWZ ----} 1. e4 e6 2. d4 d5 3. Nd2 Nf6 4. e5 Nfd7 5. Bd3 c5 6. c3 Nc6
7. Ne2 cxd4 8. cxd4 f6 9. exf6 Nxf6 10. O-O Bd6 11. Nf3 Qc7 12. g3 O-O 13. Bf4
e5 14. dxe5 Nxe5 15. Nxe5 Bxe5 16. Rc1 Qd6 17. Qb3 Bd7 18. Bxe5 Qxe5 19. Nf4
Rab8 20. Rfe1 Qd6 21. Rcd1 Kh8 22. Bf1 Bc6 23. Bg2 Rfd8 24. Re6 Qd7 25. Qd3 Re8
26. Rxe8+ Qxe8 27. Qd4 Rd8 28. h4 a6 29. Bf3 Bd7 30. Kg2 Bf5 31. Qb4 Rd7 32.
Nxd5 Nxd5 33. Rxd5 Rf7 34. Qd4 Bd7 35. Re5 Qc8 36. Re3 Qf8 37. Rc3 Rxf3 38.
Rxf3 Bc6 39. Qf4 Bxf3+ 40. Qxf3 Qe7 41. b3 h6 42. Qd5 Qc7 43. a4 a5 44. g4 Qf4
45. Qf3 Qd4 46. Kg3 b6 47. Qf8+ Kh7 48. Qf5+ Kh8 49. g5 Qd1 50. Qf3 Qd4 51.
Qf8+ Kh7 52. Qf5+ Kh8 53. g6 Qc3+ 54. Qf3 Qe5+ 55. Kg2 Qe8 56. h5 Qd8 57. Kf1
Qc8 58. Qd5 Qh3+ 59. Ke2 Qg4+ 60. Ke3 Qh3+ 61. f3 Qc8 62. Kd4 Qf8 63. Qf7 Qc5+
64. Ke4 Qc6+ 65. Ke5 Qc5+ 66. Ke6 Qc6+ 67. Ke5 Qc5+ 68. Qd5 Qe7+ 69. Kd4 Qb4+
70. Kd3 Qf8 71. f4 Qe8 72. f5 Qc8 73. Kd4 Qf8 74. Kc4 Qb4+ 75. Kd3 Qf8 76. Qd7
Qa8 77. Kc3 Qf8 78. Qf7 Qb4+ 79. Kd3 Qd6+ 80. Ke4 Qc6+ 81. Ke5 Qc5+ 82. Ke6
Qc6+ 83. Ke5 Qc5+ 84. Qd5 Qe7+ 85. Kd4 Qb4+ 86. Kd3 Qf8 87. Kc2 Qe8 88. Qe6 Qb8
89. Kb2 Qd8 1-0

[Event "Vellmarer Schachtage 5th op  A"]
[Site "Vellmar"]
[Date "2013.07.27"]
[Round "5.19"]
[White "Schlachowitsch, Markus"]
[Black "Kobs, Stephan"]
[Result "1-0"]
[WhiteElo "2022"]
[BlackElo "1986"]
[PlyCount "87"]
[EventDate "2013.07.25"]
[EventType "swiss"]
[EventRounds "7"]
[EventCountry "GER"]

{DWZ 1882 DWZ 1873} 1. e4 c5 2. Nf3 d6 3. Bb5+ Bd7 4. Bxd7+ Nxd7 5. d4 cxd4 6.
Qxd4 Ngf6 7. c4 Qb6 8. Nc3 Qxd4 9. Nxd4 a6 10. Bd2 Nc5 11. f3 g6 12. Ke2 Bg7
13. Be3 Rc8 14. Rac1 O-O 15. b3 Rfe8 16. Rhd1 h6 17. b4 Ncd7 18. Nd5 Nxd5 19.
cxd5 Ne5 20. b5 Nc4 21. bxa6 Nxe3 22. axb7 Rb8 23. Kxe3 Rxb7 24. Rc2 Ra8 25.
Nc6 Kf8 26. Rd3 Ke8 27. f4 Bb2 28. Rb3 Rxb3+ 29. axb3 Ba1 30. Kd3 Kd7 31. Kc4
e6 32. b4 exd5+ 33. exd5 Ra3 34. Kb5 Rd3 35. Nb8+ Kd8 36. Kc6 Bc3 37. Na6 Bf6
38. b5 Ra3 39. Kxd6 Ra5 40. Kc6 Be7 41. d6 Bxd6 42. Kxd6 Rxb5 43. Nc5 Rb6+ 44.
Ke5 1-0

[Event "Vellmarer Schachtage 5th op  A"]
[Site "Vellmar"]
[Date "2013.07.27"]
[Round "5.20"]
[White "Stoll, Katja"]
[Black "Braun, Ingram"]
[Result "1/2-1/2"]
[WhiteElo "1763"]
[BlackElo "2009"]
[PlyCount "59"]
[EventDate "2013.07.25"]
[EventType "swiss"]
[EventRounds "7"]
[EventCountry "GER"]

{DWZ 1700 DWZ 1947} 1. e4 c5 2. Nf3 e6 3. d4 cxd4 4. Nxd4 a6 5. a3 Nf6 6. Nc3
Qc7 7. Be2 d6 8. O-O Nbd7 9. Be3 Be7 10. Kh1 b6 11. f3 Bb7 12. Qd2 Rc8 13. Rad1
O-O 14. Bd3 Rfe8 15. Qf2 g6 16. Qe2 $11 Nc5 17. Nb3 Nfd7 18. Nxc5 Nxc5 19. Bxc5
Qxc5 20. Bxa6 Bxa6 21. Qxa6 Bf6 22. Rd3 Red8 23. Qa4 Qh5 24. Qb3 Be5 25. f4
Bxc3 26. Rxc3 Qe2 27. Kg1 Qxe4 28. Qxb6 Rb8 29. Qa5 d5 30. b3 1/2-1/2

[Event "Vellmarer Schachtage 5th op  A"]
[Site "Vellmar"]
[Date "2013.07.27"]
[Round "5.21"]
[White "Rehbein, Ullrich"]
[Black "Ulrich, Thomas"]
[Result "0-1"]
[WhiteElo "1822"]
[BlackElo "2005"]
[PlyCount "46"]
[EventDate "2013.07.25"]
[EventType "swiss"]
[EventRounds "7"]
[EventCountry "GER"]

{DWZ 1654 DWZ} 1. d4 d5 2. Nf3 Nf6 3. c4 e6 4. a3 c6 5. Nc3 Nbd7 6. Bf4 Be7 7.
e3 Nh5 8. Bg3 O-O 9. Rc1 Re8 10. Bd3 dxc4 11. Bb1 Nxg3 12. hxg3 g6 13. e4 f5
14. Nh4 c5 15. d5 Nf6 16. Nxf5 exf5 17. e5 Bd6 18. e6 Bxe6 19. dxe6 Rxe6+ 20.
Kf1 Be5 21. Qf3 Bxc3 22. bxc3 Qd2 23. Rd1 Rae8 0-1

[Event "Vellmarer Schachtage 5th op  A"]
[Site "Vellmar"]
[Date "2013.07.27"]
[Round "5.22"]
[White "Keil, Roland"]
[Black "Knoth, Eugen"]
[Result "1/2-1/2"]
[WhiteElo "2062"]
[BlackElo "1993"]
[PlyCount "136"]
[EventDate "2013.07.25"]
[EventType "swiss"]
[EventRounds "7"]
[EventCountry "GER"]

{DWZ 1952 DWZ 1841} 1. e4 c6 2. d4 d5 3. exd5 cxd5 4. Bd3 Nc6 5. c3 Qc7 6. h3
e6 7. Nf3 Nf6 8. Bg5 Be7 9. Nbd2 h6 10. Bh4 Bd7 11. Bg3 Bd6 12. Bxd6 Qxd6 13.
Qe2 O-O 14. O-O Nh5 15. Bc2 Nf4 16. Qe3 f6 17. c4 e5 18. dxe5 fxe5 19. cxd5
Nxd5 20. Qd3 Bf5 21. Ne4 Bxe4 22. Qxe4 Nf6 23. Qc4+ Kh8 24. Nh4 Ne7 25. Rad1
Qb6 26. Ng6+ Nxg6 27. Bxg6 Rac8 28. Qa4 Rfd8 29. Bf5 Rxd1 30. Rxd1 Rf8 31. Rd2
Nh5 32. Be4 Nf6 33. Qa3 Re8 34. Bg6 Rc8 35. Qd6 Qa5 36. b4 Qa3 37. Kh2 Qc1 38.
Re2 Qg5 39. Qe6 Rd8 40. Qf5 Qxf5 41. Bxf5 e4 42. Rc2 Kg8 43. Bg6 Kf8 44. Rc7
Rd7 45. Rxd7 Nxd7 46. Bxe4 b6 47. Kg3 Ke7 48. f4 Nf6 49. Kf3 Kd6 50. g4 g5 51.
Ke3 a5 52. a3 Nd7 53. Kd4 gxf4 54. h4 axb4 55. axb4 Ne5 56. g5 hxg5 57. hxg5
Ke6 58. g6 Nd7 59. Bd3 Kf6 60. Kd5 f3 61. Kd6 Ne5 62. g7 Nf7+ 63. Kc6 Kxg7 64.
Kxb6 Ne5 65. Bf1 Kf6 66. Kc7 Ke7 67. b5 Nd7 68. Bh3 f2 1/2-1/2

[Event "Vellmarer Schachtage 5th op  A"]
[Site "Vellmar"]
[Date "2013.07.27"]
[Round "5.23"]
[White "Weber, Andreas"]
[Black "Weber, Hubert"]
[Result "0-1"]
[WhiteElo "1863"]
[BlackElo "1999"]
[PlyCount "90"]
[EventDate "2013.07.25"]
[EventType "swiss"]
[EventRounds "7"]
[EventCountry "GER"]

{DWZ 1741 DWZ 1927} 1. e4 d6 2. d4 Nf6 3. Nc3 g6 4. f4 Bg7 5. Nf3 O-O 6. e5
Nfd7 7. h4 c5 8. h5 cxd4 9. hxg6 hxg6 10. e6 dxc3 11. exf7+ Rxf7 12. Bc4 e6 13.
b3 Nf8 14. Ng5 Rf5 15. g4 Rxg5 16. fxg5 d5 17. Ba3 Qxg5 18. Qf3 Nbd7 19. Be2
Ne5 20. Qh3 Qd2+ 21. Kf1 Qf4+ 22. Ke1 Qd2+ 23. Kf1 Qxc2 24. Rc1 Qd2 25. Rxc3
Bd7 26. Bc1 Qd4 27. Qe3 Qxe3 28. Bxe3 Nc6 29. Rc1 e5 30. Bh6 Ne6 31. Bxg7 Kxg7
32. Rc3 Ng5 33. b4 Rf8+ 34. Ke1 a6 35. a4 d4 36. Rc5 Ne4 37. Rc1 Ng3 38. Rg1
Nxe2 39. Kxe2 Nxb4 40. Rc7 Rf7 41. Rc5 Rf2+ 42. Kxf2 Nd3+ 43. Kg3 Nxc5 44. Rc1
Ne6 45. a5 Bc6 0-1

[Event "Vellmarer Schachtage 5th op  A"]
[Site "Vellmar"]
[Date "2013.07.27"]
[Round "5.24"]
[White "Kies, Wolfgang"]
[Black "Heckmann, Torsten"]
[Result "0-1"]
[WhiteElo "1916"]
[BlackElo "1947"]
[PlyCount "72"]
[EventDate "2013.07.25"]
[EventType "swiss"]
[EventRounds "7"]
[EventCountry "GER"]

{DWZ 1811 DWZ 1721} 1. d4 Nf6 2. c4 c5 3. Nf3 g6 4. g3 cxd4 5. Nxd4 Bg7 6. Bg2
O-O 7. O-O Nc6 8. Nc3 Qb6 9. Nc2 d6 10. e4 Bg4 11. Qe1 Ne5 12. b3 e6 13. Be3
Qc7 14. f3 Bh5 15. g4 Bxg4 16. fxg4 Nfxg4 17. h3 Nxe3 18. Nxe3 Qc5 19. Kh1 Bh6
20. Ng4 Nxg4 21. hxg4 Bg7 22. Rd1 Rad8 23. Rf3 Qg5 24. Bh3 Be5 25. Rfd3 Kg7 26.
Nb5 h5 27. gxh5 Rh8 28. Qd2 Bf4 29. Qg2 Qxh5 30. Kg1 a6 31. Nc3 Qc5+ 32. Qf2
Qg5+ 33. Qg2 Be3+ 34. Kf1 Qf4+ 35. Ke2 Rxh3 36. Rxd6 Rh2 0-1

[Event "Vellmarer Schachtage 5th op  A"]
[Site "Vellmar"]
[Date "2013.07.27"]
[Round "5.26"]
[White "Lechnauer, Uwe"]
[Black "Mueller, Joachim"]
[Result "1-0"]
[WhiteElo "1883"]
[BlackElo "1950"]
[PlyCount "129"]
[EventDate "2013.07.25"]
[EventType "swiss"]
[EventRounds "7"]
[EventCountry "GER"]

{DWZ 1975 DWZ 1689} 1. e4 c5 2. Nf3 Nc6 3. c3 d5 4. exd5 Qxd5 5. c4 Qe4+ 6. Qe2
Bf5 7. Na3 a6 8. Qxe4 Bxe4 9. Be2 Rd8 10. O-O e6 11. Rd1 Be7 12. d3 Bg6 13. Bf4
Bf6 14. Rd2 Nb4 15. Ne1 Ne7 16. Nac2 Bxb2 17. Rb1 Bc3 18. Rdd1 Rd7 19. Nxb4
cxb4 20. Nc2 Nc6 21. Be3 a5 22. a3 bxa3 23. Nxa3 Nb4 24. Rb3 Bd4 25. Bxd4 Rxd4
26. Nb5 Rd7 27. c5 O-O 28. Ra3 Nc6 29. d4 Be4 30. Nd6 Bd5 31. f3 f6 32. Nc4 Kf7
33. Nb6 Rdd8 34. Bb5 Na7 35. Rxa5 Nxb5 $11 36. Rxb5 Bc6 37. Rb2 g5 38. Nc4 Rd7
39. Rdd2 h5 40. Kf2 Kg6 41. g3 Rff7 42. h3 Rd8 43. Ke3 Ra8 44. Ra2 Rxa2 45.
Rxa2 Bd5 46. Rc2 Re7 47. Nb6 Bc6 48. Rd2 Kf5 49. Kf2 Re8 50. d5 exd5 51. Nxd5
Re5 52. Ne3+ Kg6 53. Rc2 f5 54. Rc3 f4 55. gxf4 gxf4 56. Ng2 Rg5 57. Nxf4+ Kf5
58. Ng2 Ke6 59. Ne3 Bb5 60. Rc1 Kd7 61. f4 Rg7 62. f5 Bc6 63. Rd1+ Ke7 64. Rd6
Kf7 65. Rh6 1-0

[Event "Vellmarer Schachtage 5th op  A"]
[Site "Vellmar"]
[Date "2013.07.27"]
[Round "5.28"]
[White "Schaefer, Annabelle"]
[Black "Schulze, Lara"]
[Result "1-0"]
[WhiteElo "1930"]
[BlackElo "1788"]
[PlyCount "117"]
[EventDate "2013.07.25"]
[EventType "swiss"]
[EventRounds "7"]
[EventCountry "GER"]

{DWZ 1842 DWZ 1604} 1. e4 e6 2. d4 d5 3. Nc3 dxe4 4. Nxe4 Nd7 5. c3 Ngf6 6. Bd3
Be7 7. Qc2 c5 8. Nf3 Nxe4 9. Bxe4 Nf6 10. Bd3 O-O 11. Be3 b6 12. O-O-O Qc7 13.
dxc5 bxc5 14. c4 Bb7 15. h4 e5 16. Ng5 h6 17. Ne4 Nxe4 18. Bxe4 Bxe4 19. Qxe4
Qb6 20. Rh3 Rab8 21. Rd2 Rfd8 22. Qc2 Rxd2 23. Bxd2 Qc6 24. f3 Qa6 25. f4 Qc6
26. Be3 e4 27. g4 Bf6 28. b3 Bd4 29. g5 h5 30. f5 Re8 31. Qe2 g6 32. f6 Qd7 33.
Rh1 Qc7 34. Qf2 Qe5 35. Rd1 Bxe3+ 36. Qxe3 Qa1+ 37. Kc2 Qxa2+ 38. Kc1 Qa1+ 39.
Kc2 Qe5 40. Rd2 Qc7 41. Kc3 Qe5+ 42. Kc2 Qc7 43. Kc3 a5 44. Rd5 Re6 $11 45.
Rxc5 Rc6 46. Rxc6 Qxc6 47. Qa7 Qe8 48. Qe7 Qa8 49. Kd4 Qb8 50. Kxe4 Qa8+ 51.
Kd4 Qc8 52. c5 Qg4+ 53. Kd5 Qf5+ 54. Kc6 Qf3+ 55. Kc7 Qf4+ 56. Kb7 Qb4+ 57. Ka7
Qxb3 58. Qe8+ Kh7 59. Qf8 1-0

[Event "Vellmarer Schachtage 5th op  A"]
[Site "Vellmar"]
[Date "2013.07.27"]
[Round "5.29"]
[White "Niemeyer, Norbert"]
[Black "Forgach, Andreas"]
[Result "0-1"]
[WhiteElo "1758"]
[BlackElo "1919"]
[PlyCount "77"]
[EventDate "2013.07.25"]
[EventType "swiss"]
[EventRounds "7"]
[EventCountry "GER"]

{DWZ 1590 DWZ 1772} 1. e4 c5 2. Nc3 Nc6 3. f4 g6 4. Nf3 Bg7 5. Bb5 Nd4 6. O-O
a6 7. Be2 d6 8. d3 e6 9. Kh1 Ne7 10. a4 O-O 11. Rb1 Rb8 12. Bd2 Bd7 13. b4 Nxe2
14. Qxe2 cxb4 15. Rxb4 Nc6 16. Rbb1 Nd4 17. Nxd4 Bxd4 18. a5 Qc7 19. Rb3 b5 20.
axb6 Rxb6 21. Rxb6 Qxb6 22. Rb1 Qc7 23. Qe1 Rb8 24. Ne2 Rxb1 25. Qxb1 Bg7 26.
c4 a5 27. Be3 a4 28. Nd4 h5 29. Nb5 Qb7 30. Qb4 d5 31. Qxa4 dxc4 32. Qxc4 Qxb5
33. Qxb5 Bxb5 34. d4 Bc6 35. e5 Kf8 36. Kg1 Ke8 37. Kf2 Bf8 38. g3 Be4 39. Ke2
0-1

[Event "Vellmarer Schachtage 5th op  A"]
[Site "Vellmar"]
[Date "2013.07.27"]
[Round "5.30"]
[White "Soeder, Maximilian"]
[Black "Diener, Carolin Valeria"]
[Result "1/2-1/2"]
[WhiteElo "1672"]
[BlackElo "1700"]
[PlyCount "53"]
[EventDate "2013.07.25"]
[EventType "swiss"]
[EventRounds "7"]
[EventCountry "GER"]

{DWZ 1525 DWZ 1623} 1. Nf3 d5 2. g3 Nf6 3. Bg2 e6 4. d3 c5 5. Nbd2 Nc6 6. c4
Be7 7. O-O h6 8. Qc2 Bd7 9. Nb3 d4 10. Bd2 O-O 11. Rfe1 Qc8 12. Bf4 Re8 13.
Rad1 Bf8 14. Ne5 Nxe5 15. Bxe5 Ng4 16. Bf4 e5 17. Bc1 Rb8 18. Nd2 Nf6 19. Ne4
Nxe4 20. Bxe4 Bc6 21. Bxc6 Qxc6 22. b3 Bd6 23. e4 dxe3 24. Rxe3 Rbd8 25. Rde1
Bc7 26. Bb2 f6 27. Bc3 1/2-1/2

[Event "Vellmarer Schachtage 5th op  A"]
[Site "Vellmar"]
[Date "2013.07.27"]
[Round "5.31"]
[White "Marth, Juergen"]
[Black "Van der Hoeven, Gerben"]
[Result "0-1"]
[WhiteElo "2058"]
[BlackElo "1962"]
[PlyCount "82"]
[EventDate "2013.07.25"]
[EventType "swiss"]
[EventRounds "7"]
[EventCountry "GER"]

{DWZ 1814 DWZ ----} 1. d4 c5 2. d5 e5 3. c4 f5 4. Nc3 d6 5. g3 Be7 6. Bg2 Nf6
7. a3 O-O 8. b4 Nbd7 9. Nf3 cxb4 10. axb4 Qb6 11. Qa4 Ng4 12. O-O e4 13. Ng5
Nde5 14. Ne6 Bd7 15. b5 Rfc8 16. c5 dxc5 17. h3 Nf6 18. Bf4 Ng6 19. Qc4 Bxe6
20. dxe6 Nxf4 21. gxf4 Rd8 22. e3 Kf8 23. Rfd1 Rxd1+ 24. Rxd1 Rd8 25. Rc1 Qd6
26. Rd1 Qb6 27. Rxd8+ Qxd8 28. Bf1 b6 29. Qa4 Qc7 30. Bc4 h6 31. Qd1 g5 32. Qf1
gxf4 33. Qg2 Bd6 34. Kf1 Qg7 35. Qh2 Ke7 36. exf4 Qg6 37. Ke1 Bc7 38. Kd2 Bd6
39. Ke3 Kf8 40. Qh1 Ke7 41. Qa1 Bxf4+ 0-1

[Event "Vellmarer Schachtage 5th op  A"]
[Site "Vellmar"]
[Date "2013.07.28"]
[Round "6.2"]
[White "Gutman, Lev"]
[Black "Angskog, Kent"]
[Result "0-1"]
[WhiteElo "2455"]
[BlackElo "2219"]
[PlyCount "94"]
[EventDate "2013.07.25"]
[EventType "swiss"]
[EventRounds "7"]
[EventCountry "GER"]

{DWZ 2375 DWZ ----} 1. Nf3 g6 2. g3 Bg7 3. d4 d6 4. Bg2 e5 5. dxe5 dxe5 6. O-O
Qxd1 7. Rxd1 Ne7 8. c4 O-O 9. Nc3 Na6 10. Ne1 h6 11. Nc2 c6 12. b3 e4 13. Bb2
f5 14. f3 exf3 15. exf3 f4 16. g4 g5 17. Rab1 Ng6 18. Ne4 Bxb2 19. Rxb2 c5 20.
Na3 b6 21. Rd6 Kg7 22. Rbd2 Ne5 23. Nb5 Nf7 24. Rf6 Bb7 25. Rxf7+ Rxf7 26. Ned6
Re7 27. Nf5+ Kf8 28. Nxe7 Kxe7 29. a3 Bc6 30. Nd6 Bd7 31. Bf1 Be6 32. Nb5 Bd7
33. Nc3 Nc7 34. h4 Bc6 35. hxg5 hxg5 36. Re2+ Kf6 37. Rd2 Ke7 38. Kf2 Rd8 39.
Re2+ Kf6 40. b4 Ne6 41. Rb2 Nd4 42. bxc5 bxc5 43. Nd5+ Bxd5 44. cxd5 Rxd5 45.
Rb7 Re5 46. Bc4 Re3 47. Rf7+ Kg6 {Notation unklar} 0-1

[Event "Vellmarer Schachtage 5th op  A"]
[Site "Vellmar"]
[Date "2013.07.28"]
[Round "6.3"]
[White "Ivanov, Mikail"]
[Black "Van der Auweraert, Elwin"]
[Result "0-1"]
[WhiteElo "2154"]
[BlackElo "2392"]
[PlyCount "82"]
[EventDate "2013.07.25"]
[EventType "swiss"]
[EventRounds "7"]
[EventCountry "GER"]

{DWZ 2337 DWZ ----} 1. Nf3 Nf6 2. c4 b6 3. g3 Bb7 4. Bg2 e6 5. O-O c5 6. b3 Be7
7. Bb2 O-O 8. e3 Nc6 9. d4 cxd4 10. exd4 d5 11. Nbd2 dxc4 12. bxc4 Na5 13. Rc1
Rc8 14. Qe2 Ba6 15. Ne5 Nd7 16. Nb3 Nxe5 17. Nxa5 bxa5 18. dxe5 Qd7 19. Rc3 Qa4
20. Rfc1 $11 Bb4 21. Qc2 Qe8 22. Re3 Rxc4 23. Qd1 Rxc1 24. Qxc1 Qd8 25. Bc3 Bc5
26. Re1 Qb6 27. Qf4 Rd8 28. Be4 Bd3 29. Rd1 Bxe4 30. Rxd8+ Qxd8 31. Qxe4 Bb6
32. Kg2 h5 33. Qc4 Qa8+ 34. f3 Qd8 35. g4 hxg4 36. fxg4 Qa8+ 37. Kg3 Qh1 38.
Bd4 Qe1+ 39. Kf3 Qd1+ 40. Ke3 Qxg4 41. Kd3 Qh3+ 0-1

[Event "Vellmarer Schachtage 5th op  A"]
[Site "Vellmar"]
[Date "2013.07.28"]
[Round "6.4"]
[White "Kersten, Uwe"]
[Black "Meyner, Hannes"]
[Result "1-0"]
[WhiteElo "2289"]
[BlackElo "2251"]
[PlyCount "61"]
[EventDate "2013.07.25"]
[EventType "swiss"]
[EventRounds "7"]
[EventCountry "GER"]

{DWZ 2227 DWZ  2189} 1. e4 c6 2. d4 d5 3. Nc3 dxe4 4. Nxe4 Bf5 5. Ng3 Bg6 6. h4
h6 7. Nf3 Nd7 8. h5 Bh7 9. Bd3 Bxd3 10. Qxd3 e6 11. Bd2 Ngf6 12. O-O-O Be7 13.
Qe2 O-O 14. Nf1 c5 15. g4 Nxg4 16. Rg1 f5 17. Qxe6+ Rf7 18. Ng3 Nf8 19. Qe2 Qd7
20. dxc5 Qa4 21. Kb1 Bxc5 22. b3 $11 Qe8 23. Qc4 Bxf2 24. Nxf5 Qe6 25. Rxg4
Rxf5 26. Bc3 Qxc4 27. Rxg7+ Kh8 28. bxc4 Rxf3 $11 29. Bb2 Nh7 30. Rg6+ Nf6 31.
Bxf6+ 1-0

[Event "Vellmarer Schachtage 5th op  A"]
[Site "Vellmar"]
[Date "2013.07.28"]
[Round "6.5"]
[White "Piankov, Evgenij"]
[Black "Pogan, Nikolas"]
[Result "1/2-1/2"]
[WhiteElo "2264"]
[BlackElo "2284"]
[PlyCount "112"]
[EventDate "2013.07.25"]
[EventType "swiss"]
[EventRounds "7"]
[EventCountry "GER"]

{DWZ ---- DWZ 2262} 1. d4 Nf6 2. Nf3 g6 3. Bg5 Bg7 4. Nbd2 O-O 5. e4 d6 6. c3
Nbd7 7. Bc4 e5 8. dxe5 dxe5 9. O-O h6 10. Bh4 Qe8 $11 11. Qc2 Nb6 12. Be2 Nh5
13. Rfd1 Nf4 14. Bf1 Bg4 15. h3 Bd7 16. Nc4 Nxc4 17. Bxc4 g5 18. Bg3 b5 19. Bb3
c5 20. Bxf4 exf4 21. Bd5 Rb8 22. Rd2 Qe7 23. Rad1 Bc8 24. Bc6 f5 25. Re1 fxe4
26. Bxe4 Kh8 27. Qd3 g4 28. hxg4 Bxg4 29. Qd6 Qxd6 30. Rxd6 Rf6 31. Red1 Rxd6
32. Rxd6 Bxf3 33. Bxf3 Rc8 34. Kh2 a5 35. Kh3 b4 36. cxb4 axb4 37. b3 Bd4 38.
Kg4 Rf8 39. Be4 Rf6 40. Rd8+ Kg7 41. f3 Be5 42. Kh5 Kf7 $11 43. Rd7+ Ke6 44.
Rd3 Bd4 45. Rd1 Ke5 46. Re1 Kd6 47. Re2 Bc3 48. Kg4 Be5 49. Bf5 Rf7 50. Bg6 Rf6
51. Kh5 Bd4 52. Kxh6 Re6 53. Rc2 Re1 54. Kg5 Ke5 55. Bd3 Be3 56. Kg4 Rg1
1/2-1/2

[Event "Vellmarer Schachtage 5th op  A"]
[Site "Vellmar"]
[Date "2013.07.28"]
[Round "6.6"]
[White "Heckmann, Torsten"]
[Black "Halt, David"]
[Result "1-0"]
[WhiteElo "1947"]
[BlackElo "2099"]
[PlyCount "99"]
[EventDate "2013.07.25"]
[EventType "swiss"]
[EventRounds "7"]
[EventCountry "GER"]

{DWZ 1721 DWZ 2047} 1. e4 e5 2. Nf3 Nc6 3. d4 exd4 4. Nxd4 Nf6 5. Nxc6 bxc6 6.
e5 Qe7 7. Qe2 Nd5 8. c4 Ba6 9. b3 g6 10. Bb2 Bg7 11. g3 O-O 12. Bg2 Rfe8 13.
O-O Nb6 14. f4 f6 15. Re1 fxe5 16. fxe5 Rab8 17. Qf2 Qe6 18. Nd2 Rf8 19. Nf3
Qf7 20. Rad1 Rbd8 21. Ba3 Rfe8 22. Qc2 Bf8 23. Bc1 d5 24. Bg5 Be7 25. c5 Nc8
26. Rd4 Bxg5 27. Nxg5 Qg7 28. Nf3 Bb5 29. Qd2 Qf8 30. b4 Ne7 31. Rf4 Qh6 32.
Ng5 Rf8 33. Rxf8+ Rxf8 34. Bh3 Qh5 35. Be6+ Kg7 36. Bd7 Kg8 37. e6 Rf5 38. Nf7
Kf8 39. Qd4 Ng8 40. Qh8 Be2 41. Qxg8+ Kxg8 42. e7 Kg7 43. e8=Q Rxf7 44. Rxe2
Qf3 45. Bh3 d4 46. Qe5+ Kg8 47. Bg2 Qc3 48. Bxc6 Qa1+ 49. Re1 Qxa2 50. Qxd4 1-0